|
|
|
|
| LEADER |
00000cam a2200000 a 4500 |
| 001 |
vtls001115247 |
| 003 |
SK-MaSNL |
| 005 |
20260301193950.0 |
| 008 |
210928s1979 xo a cr 0000f slo |
| 015 |
|
|
|a SNBA1979
|
| 020 |
|
|
|q (viaz.)
|
| 035 |
|
|
|a SNK000058090
|
| 040 |
|
|
|a SNK
|b slo
|c SNK
|e AACR2
|
| 041 |
|
|
|a slo
|h eng
|
| 044 |
|
|
|a xo
|c SK
|
| 072 |
|
7 |
|a 821.111-3
|x Anglická próza, anglicky písaná
|2 konspekt
|
| 072 |
|
7 |
|a 821-93
|x Literatúra pre deti a mládež (beletria)
|2 konspekt
|
| 080 |
|
|
|a 821.111-31
|2 2011
|
| 080 |
|
|
|a 821-93
|2 2011
|
| 100 |
1 |
|
|a Reid, Mayne,
|d 1818-1883
|4 aut
|9 246829
|
| 240 |
1 |
4 |
|a The White chief
|l Slovensky
|
| 245 |
1 |
|
|a Biely náčelník
|c Thomas Mayne Reid ; z anglického originálu The White chief ... preložil Bohuslav Kompiš ; ilustroval Teodor Schnitzer
|
| 260 |
|
|
|a Bratislava
|b Mladé letá
|c 1979
|e Bratislava
|f Svornosť
|
| 300 |
|
|
|a 319 s.
|c 20 cm
|
| 366 |
|
|
|e 28000 výtl.
|
| 490 |
1 |
|
|a Stopy
|
| 521 |
|
|
|a Pre čitateľov od 11 rokov
|
| 655 |
|
7 |
|a anglicky písané romány
|2 SNKPH
|9 70583
|
| 655 |
|
7 |
|a dobrodružné romány
|2 SNKPH
|9 70486
|
| 655 |
|
7 |
|a liteeratúra pre mládež
|2 SNKPH
|9 573919
|
| 700 |
1 |
|
|a Kompiš, Bohuslav,
|d 1922-1987
|4 trl
|9 207629
|
| 700 |
1 |
|
|a Schnitzer, Štefan
|4 ill
|9 573920
|
| 830 |
|
0 |
|a Stopy
|9 278381
|
| 852 |
|
|
|a Slovenská národná knižnica
|
| 954 |
|
|
|a beletria cudzojazyčná (svetová)
|2 lita
|
| 958 |
|
|
|a LX
|
| 958 |
|
|
|a DB
|
| 958 |
|
|
|a TL
|
| 958 |
|
|
|a UP
|
| 958 |
|
|
|a OND
|
| 999 |
|
|
|c 879934
|d 881864
|
| 952 |
|
|
|t P60, <04>, [BOOK], {604}
|a SNK
|b SNK
|y VYP
|7 0
|p 17A0024302
|o snkSC 45813 D1
|i snkK 1505/96
|0 0
|1 0
|4 0
|d 1996-12-05
|l 0
|r 2004-12-31 00:00:00
|w 2026-02-24
|
| 952 |
|
|
|a SNK
|b SNK
|y PREZ
|7 0
|p 17A0792032
|o snkSC 45813
|i snkKSP 1543/79
|0 0
|1 0
|4 0
|d 2012-07-31
|l 0
|r 2025-10-27 00:00:00
|w 2026-02-24
|